000 00335nam a2200121Ia 4500
008 230907s9999||||xx |||||||||||||| ||und||
082 _a891.4394
_bWAS
245 0 _aدل دریا سمندر , Dil darya samandar /
260 _aIlm-O-Irfan Publishers,
_bLahore :
_c2014
300 _a160 p.
650 _aUrdu Literature.
942 _cBK
999 _c599683
_d599683